000 01040nam a2200265 a 4500
001 000011557
005 20200929162506.0
008 091020s1970 sp b 001 f spa
040 _aDO-SdBNP
_bspa
_cBNPHU
041 1 7 _aspa
_hger
_2Código de idioma MARC
082 _a910.202
_bG675v
100 1 _aGorz, Heinz
_927372
240 1 0 _aUrlaubsziel costa brava / costa del sol,
_d1967.
245 1 0 _aVacaciones en la costa brava :
_bla costa del sol /
_cHeinz Gorz ; traductor, Luis Fernández Villanueva.
260 _aMadrid :
_bMediterráneo,
_c1970.
300 _a141 p. :
_bmapas ;
_c19 cm.
490 1 _aEDIME
_v71
534 _pTítulo original en alemán:
_tUrlaubsziel costa brava / costa del sol
_cEspaña : Wilhelm Heyne Verlag, 1967.
650 4 _aViajes
_vGUÍAS
_95045
650 4 _aCosta brava (españa)
_xDescripciones y viajes
_vGUÍAS
_927373
650 4 _aCosta del sol (españa)
_xDescripciones y viajes
_vGUÍAS
_927374
700 1 _aFernández Villanueva, Luis,
_etr.
_927375
830 0 _aEDIME
_v71
_912624
049 _aBNGR
999 _c11252
_d11252